Bedingungen der Temperaturschichtung und der Windströmung im oberen Nitratal

Bibliographic Details
Main Authors: Šamaj, Ferdinand, 1931-2012 (Author), Otruba, J. (Author), Peterka, V. (Author)
Format: Article
Language:German

MARC

LEADER 00000nab a2200000uu 4500
001 vtls010900711
003 SK-MaSNL
005 20260303141759.0
008 230222|1969 xo |||||||||||||||||ger|
015 |a SNBRB 
035 |a (urnnbn)urn:nbn:sk:snk:ar-a07lxw 
035 |a (uuid)a2ca3a4e-befc-4bce-b0a5-0fa26a72658b 
035 |a urn:nbn:sk:snk-ab8sdg 
040 |a SNKBUCL  |b slo  |c SNKBUCL  |e AACR2 
041 0 |a ger 
044 |a xo  |c SK 
100 1 |a Šamaj, Ferdinand,  |d 1931-2012  |4 aut  |9 223118 
245 1 0 |a Bedingungen der Temperaturschichtung und der Windströmung im oberen Nitratal  |c F. Šamaj, J. Otruba, V. Peterka 
700 1 |a Otruba, J.  |4 aut  |9 1117832 
700 1 |a Peterka, V.  |4 aut  |9 837133 
773 0 |t Acta Facultatis rerum naturalium Universitatis Comenianae  |g Roč. 2, č. 2 (1969), s. 3-45 
958 |a OND 
958 |a EUIPO 
958 |a article10 
999 |c 1978705  |d 1980635